000
00285nam a2200121Ia 4500
008
190216s9999||||xx |||||||||||||| ||und||
100
_a
R.S.Aata
245
0
_a
Hindi-Lokaprakashan Digdarshan
260
_b
Premkacity Publishers
_c
2010
300
_a
590
650
_a
Hindi
942
_c
BK
999
_c
16876
_d
16876